| 000 | 01780cam a2200361 i 4500 | ||
|---|---|---|---|
| 001 | 18678289 | ||
| 003 | EG-ScBUE | ||
| 005 | 20260125091939.0 | ||
| 008 | 150618t2016 nyua frb 001 0 eng d | ||
| 020 | _a9780815345046 (pbk.) | ||
| 035 | _a(DNLM)101661349 | ||
| 040 |
_aDNLM/DLC _beng _erda _cDLC _dDLC _dEG-ScBUE |
||
| 082 | 0 | 4 |
_a572.8 _bZLA _222 |
| 100 | 1 |
_aZlatanova, J., _eauthor. |
|
| 245 | 1 | 0 |
_aMolecular biology : _bstructure and dynamics of genomes and proteomes / _cJordanka Zlatanova, Kensal E. van Holde. |
| 264 | 1 |
_a[New York, NY] : _bGarland Science, Taylor & Francis Group, _c[2016] |
|
| 264 | 4 | _cc2016 | |
| 300 |
_axix, 624 pages : _billustrations (chiefly color) ; _c28 cm |
||
| 336 |
_2rdacontent _atext _btxt |
||
| 337 |
_aunmediated _2rdamedia _bn |
||
| 338 |
_avolume _bnc _2rdacarrier |
||
| 504 | _aIncludes bibliographical references and index. | ||
| 520 | _aMolecular Biology: Structure and Dynamics of Genomes and Proteomes illustrates the essential principles behind the transmission and expression of genetic information at the level of DNA, RNA, and proteins. This textbook emphasizes the experimental basis of discovery and the most recent advances in the field while presenting a structural, mechanistic understanding of molecular biology that is rigorous, yet concise. The text is written for advanced undergraduate or graduate-level courses in molecular biology.--From back cover. | ||
| 650 | 7 |
_aMolecular Biology _xmethods. _2BUEsh |
|
| 650 | 7 |
_aGenome _xphysiology. _2BUEsh |
|
| 650 | 7 |
_aProteome _xphysiology. _2BUEsh |
|
| 650 | 7 |
_aTranscription, Genetic _xgenetics. _2BUEsh |
|
| 651 | _2BUEsh | ||
| 653 |
_bPPhrm _cMarch2019 |
||
| 655 | _vReading book | ||
| 700 | 1 |
_aVan Holde, K. E. _q(Kensal Edward), _d1928- _eauthor. |
|
| 942 |
_2ddc _cBB |
||
| 999 |
_c27292 _d27263 |
||